书目信息 |
| 题名: |
三字经千字文解读
|
|
| 作者: | 宋莹 著 | |
| 分册: | ||
| 出版信息: | 贵阳 贵州人民出版社 2010.01 |
|
| 页数: | 190页 | |
| 开本: | 23cm | |
| 丛书名: | 国学解读丛书 | |
| 单 册: | ||
| 中图分类: | H194.1 | |
| 科图分类: | ||
| 主题词: | 汉语--han yu--古代--启蒙读物 | |
| 电子资源: | ||
| ISBN: | 978-7-221-08501-6 | |
| 000 | 00937nam 2200277 450 | |
| 001 | 012009478984 | |
| 005 | 20100402201228.15 | |
| 010 | @a978-7-221-08501-6@dCNY18.00 | |
| 100 | @a20100402d2010 em y0chiy0120 ea | |
| 101 | 0 | @achi |
| 102 | @aCN@b520000 | |
| 105 | @aa z 000yy | |
| 106 | @ar | |
| 200 | 1 | @a三字经千字文解读@Asan zi jing qian zi wen jie du@f宋莹著@Fsong ying zhu |
| 210 | @a贵阳@c贵州人民出版社@d2010.01 | |
| 215 | @a190页@c图@d23cm | |
| 225 | 2 | @a国学解读丛书@Aguo xue jie du cong shu |
| 330 | @a本书主要介绍了读书,对一个人的成长有着十分重要的影响,涵养气质、提升情操。幼学蒙读,在历经千年之后,依然散发着智慧的光芒。 | |
| 410 | 0 | @12001 @a国学解读丛书 |
| 605 | @a三字经@Asan zi jing@x研究 | |
| 605 | @a千字文@Aqian zi wen@x研究 | |
| 606 | 0 | @a汉语@Ahan yu@z古代@j启蒙读物 |
| 690 | @aH194.1@v4 | |
| 701 | 0 | @a宋莹@Asong ying@4著 |
| 801 | 0 | @aCN@bQSSK@c20100402 |
| 905 | @b772345-47@dH194.1@eS786@f3 | |
| 三字经千字文解读/宋莹著.-贵阳:贵州人民出版社,2010.01 |
| 190页:图;23cm.-(国学解读丛书) |
| ISBN 978-7-221-08501-6:CNY18.00 |
| 本书主要介绍了读书,对一个人的成长有着十分重要的影响,涵养气质、提升情操。幼学蒙读,在历经千年之后,依然散发着智慧的光芒。 |
| ● |
| 相关链接 |
|
|
|
正题名:三字经千字文解读
索取号:H194.1/S786
 
预约/预借
| 序号 | 登录号 | 条形码 | 馆藏地/架位号 | 状态 | 备注 |
| 1 | 772345 | 207723454 | 语言库209/209语言库 77排4列3层/ [索取号:H194.1/S786] | 在馆 | |
| 2 | 772346 | 207723463 | 语言库209/209语言库 77排4列3层/ [索取号:H194.1/S786] | 在馆 | |
| 3 | 772347 | 207723472 | 语言库209/209语言库 77排4列3层/ [索取号:H194.1/S786] | 在馆 |